000 00531nam a2200169 a 4500
001 5167
003 CO-ViMGA
008 141112s2004 ck r 000 u spa d
040 _aCO-ViMGA
_bspa
_cCO-ViMGA
082 0 4 _a614 A521
100 1 _aAlcaldía Mayor de Santafé de Bogotá
_93460
245 1 0 _aEstudio perspectivo de salud :
_bel futuro de la capital
260 _aSantafé de Bogotá :
_bMisión Bogotá,
_csiglo XXI,
_c1993
300 _a110 p : il
650 1 4 _aSALUD PUBLICA - Santafé DE Bogotá
_93461
942 _2ddc
_cBK
999 _c17168
_d17168